| 000 | 00556nam a2200181Ia 4500 | ||
|---|---|---|---|
| 001 | 60836 | ||
| 008 | 080101n ii |||gr||||Z||||||465 | ||
| 020 | _a8126119039 | ||
| 082 | _a910.01 | ||
| 110 |
_aAnmol Publications PVT Ltd. _cNew Delhi _eCorporate Author. |
||
| 245 | 0 |
_aModern UGC NET/SLET: Geogrpahy _cPublished by Anmol Publication PVT Ltd _hTextual Documents |
|
| 260 |
_aNew Delhi: _bANmolPublications PVT Ltd. |
||
| 300 |
_axv, 482p.: _c23cm. |
||
| 653 | _aGeography | ||
| 653 | _aUGC NET/SLET Guide | ||
| 653 | _aG-Geography | ||
| 942 |
_2ddc _cBK |
||
| 999 |
_c61958 _d61958 |
||